| 000 | 00469nam a2200181Ia 4500 | ||
|---|---|---|---|
| 005 | 20250326141926.0 | ||
| 008 | 250326s9999 xx 000 0 und d | ||
| 037 | _aTextbook | ||
| 040 |
_aFMSL _beng _cFMSL |
||
| 041 |
_aeng _2eng |
||
| 084 | _qFMSL | ||
| 100 | _aYadav C S | ||
| 245 | 0 |
_aSlums urban decline and revitalization _cYadav C S |
|
| 260 |
_aNew Delhi _bNew Delhi, Concept Pub. _c1987 |
||
| 300 | _a288p | ||
| 942 | _cTB | ||
| 999 |
_c1292637 _d1292637 |
||